| 000 | 00373nam a2200169Ia 4500 | ||
|---|---|---|---|
| 100 | _aMolina/Hector Garcia | ||
| 650 | _aDatabase systems | ||
| 942 | _cBK | ||
| 366 | _f20 | ||
| 654 | _adatabase systems | ||
| 245 | _aDatabase systems:Complete Book | ||
| 260 |
_bPearson Education _c2014 |
||
| 082 |
_a5.74 _bMOL |
||
| 300 | _a1138 | ||
| 546 | _aENGLISH | ||
| 999 |
_c30729 _d30729 |
||